| 000 | pam a22 a 4500 | ||
|---|---|---|---|
| 999 |
_c1530 _d1530 |
||
| 003 | AKMAL | ||
| 005 | 20170509165423.0 | ||
| 008 | 170509s1985 -us b 001 0 eng d | ||
| 020 | _a0894436112 | ||
| 040 | _aAKMAL | ||
| 082 | 0 | 4 | _a306.89 HAN |
| 090 |
_a306.89 _bHAN |
||
| 245 | 0 | 0 |
_aDivorce and family mediation / _cJames C. Hansen, editor ; Sarah Childs Grebe, volume editor. |
| 260 |
_aRockville, Md. : _bAspen Systems Corp., _c1985. |
||
| 300 |
_axv, 148 p. ; _c23 cm. |
||
| 500 | _a"An Aspen publication." | ||
| 504 | _aIncludes bibliographies | ||
| 650 | 0 |
_aDivorce mediation _zUnited States _93063 |
|
| 700 | 1 |
_aHansen, James C. _93064 |
|
| 700 | 1 |
_aGrebe, Sarah Childs _93065 |
|
| 942 |
_2ddc _cBOOK |
||